| 000 | 00946nam a22002177a 4500 | ||
|---|---|---|---|
| 999 |
_c18036 _d18036 |
||
| 003 | BDDh-ASL | ||
| 005 | 20231015025655.0 | ||
| 008 | 200917b ||||| |||| 00| 0 eng d | ||
| 020 | _a9840745034 | ||
| 040 |
_aBDDh-ASL _cBDDh-ASL _dBDDh-ASL |
||
| 041 | _abengali | ||
| 082 |
_a301.5492 _bBIB |
||
| 100 |
_9877 _aবিশ্বাস, অশোক |
||
| 245 | 1 |
_aবাংলাদেশের রাজবংশী : সমাজ ও সংস্কৃৃতি/ _cঅশোক বিশ্বাস। |
|
| 246 | _aBangladesher Rajbangshi. | ||
| 260 |
_aঢাকা: _bবাংলা একাডেমী, _c২০০৫। |
||
| 300 |
_aচৌদ্দ, ২৮৭ পৃষ্ঠা: _c২২ সে. মি.। |
||
| 504 | _aগ্রন্থপঞ্জি ও নির্ঘন্ট সংযুক্ত। | ||
| 650 | 0 |
_9878 _aরাজবংশী সমাজ _xসমাজ বিজ্ঞান |
|
| 942 |
_2ddc _cBK |
||